[Event "MVP-ch Seniors op 18th"]
[Site "Ostseebad Binz"]
[Date "2018.11.28"]
[Round "1"]
[White "Walther, Reinhard"]
[Black "Barlo, Werner"]
[Result "1-0"]
[WhiteElo "2034"]
[BlackElo "1730"]
[PlyCount "119"]
[EventDate "2018.11.28"]
[EventType "swiss"]
[EventRounds "9"]
[EventCountry "GER"]
[SourceTitle "CBM 188 Extra"]
[Source "ChessBase"]
[SourceDate "2019.02.28"]
[SourceVersion "1"]
[SourceVersionDate "2019.02.28"]
[SourceQuality "1"]

1. e4 e6 2. d4 d5 3. Nc3 Bb4 4. Qg4 g6 5. Bg5 Qd7 6. Bd3 dxe4 7. Qxe4 Nc6 8. Nge2 h6 9. Bd2 Nf6 10. Qf4 Qe7 11. 0-0-0 Bd6 12. Qf3 Bd7 13. Ne4 Nxe4 14. Bxe4 f5 15. Bd3 0-0-0 16. Bc3 g5 17. Rhe1 Nb4 18. Bc4 Rhf8 19. a3 g4 20. Qe3 f4 21. Qd2 Nd5 22. Ng1 Qf6 23. Bxd5 exd5 24. f3 h5 25. Bb4 Bxb4 26. Qxb4 Rfe8 27. Qc5 Rxe1 28. Rxe1 Kb8 29. Qe7 Qxe7 30. Rxe7 Be8 31. Ne2 gxf3 32. gxf3 c6 33. Nxf4 h4 34. Ne6 Rc8 35. Nc5 Bh5 36. Rxb7+ Ka8 37. Rh7 Bxf3 38. Rxh4 Bg2 39. Kd2 a5 40. Rf4 Bh3 41. Rf6 Ka7 42. Rh6 Bg2 43. b4 axb4 44. axb4 Kb6 45. Rh7 Kb5 46. Kc3 Rb8 47. h4 Be4 48. Nxe4 dxe4 49. Re7 Ka4 50. Rxe4 Rxb4 51. h5 c5 52. h6 c4 53. h7 Rb8 54. d5 Rh8 55. Rxc4+ Kb5 56. Rc7 Kb6 57. Rc6+ Kb7 58. Rh6 Kc7 59. Kd4 Kd7 60. c4 1-0

[Event "MVP-ch Seniors op 17th"]
[Site "Binz"]
[Date "2017.12.07"]
[Round "9.55"]
[White "Giering, Gregor"]
[Black "Barlo, Werner"]
[Result "1-0"]
[WhiteElo "1862"]
[BlackElo "1732"]
[PlyCount "79"]
[EventDate "2017.11.29"]
[EventType "swiss"]
[EventRounds "9"]
[EventCountry "GER"]
[SourceTitle "EXT 2019"]
[Source "ChessBase"]
[SourceDate "2018.10.10"]
[SourceVersion "1"]
[SourceVersionDate "2018.10.10"]
[SourceQuality "1"]

1. b3 Nf6 2. Bb2 e6 3. e3 g6 4. c4 Bg7 5. Qc2 0-0 6. d4 b6 7. Nf3 Bb7 8. Nbd2 d6 9. e4 Nbd7 10. Be2 Re8 11. 0-0-0 a5 12. h3 Rc8 13. g4 e5 14. d5 Nc5 15. Bd3 Nfd7 16. h4 Na6 17. g5 h5 18. gxh6 Bxh6 19. Rdg1 Kg7 20. Kb1 Nb4 21. Qd1 Rg8 22. Bc1 Nf6 23. Ng5 c6 24. h5 Nxh5 25. Rxh5 Bxg5 26. Rhxg5 cxd5 27. exd5 Qf6 28. Ne4 Qe7 29. R5g3 Qh4 30. Rg4 Qe7 31. Bg5 Qc7 32. Rh1 Kf8 33. Bf6 Nxd5 34. cxd5 Bxd5 35. Rgh4 Bxe4 36. Rxe4 Ke8 37. Bb5+ Kf8 38. Reh4 d5 39. Rh8 Qd6 40. Rxg8+ 1-0

[Event "MVP-ch Seniors op 16th"]
[Site "Binz"]
[Date "2016.12.01"]
[Round "9.55"]
[White "Thielemann, Joachim"]
[Black "Barlo, Werner"]
[Result "1-0"]
[WhiteElo "1857"]
[BlackElo "1776"]
[PlyCount "49"]
[EventDate "2016.11.23"]
[EventType "swiss"]
[EventRounds "9"]
[EventCountry "GER"]
[SourceTitle "EXT 2018"]
[Source "ChessBase"]
[SourceDate "2017.10.13"]
[SourceVersion "1"]
[SourceVersionDate "2017.10.13"]
[SourceQuality "1"]

1. e4 e6 2. d4 d5 3. Nc3 dxe4 4. Nxe4 Nd7 5. Nf3 Ngf6 6. Ng3 h6 7. c3 Bd6 8. Bc4 b6 9. 0-0 Bb7 10. Re1 0-0 11. Ne5 Bd5 12. Bxd5 Nxd5 13. Nc6 Qe8 14. c4 N5f6 15. d5 Nb8 16. Nd4 e5 17. Qf3 Qd8 18. Ndf5 e4 19. Nxe4 Nxe4 20. Rxe4 Kh7 21. Rh4 Be7 22. Qg3 Rg8 23. Rh3 Bd6 24. Qd3 Kh8 25. Bxh6 1-0

[Event "MVP-ch Seniors op 16th"]
[Site "Binz"]
[Date "2016.11.30"]
[Round "8.44"]
[White "Barlo, Werner"]
[Black "Willin, Bernhard"]
[Result "0-1"]
[WhiteElo "1776"]
[BlackElo "1947"]
[PlyCount "68"]
[EventDate "2016.11.23"]
[EventType "swiss"]
[EventRounds "9"]
[EventCountry "GER"]
[SourceTitle "EXT 2018"]
[Source "ChessBase"]
[SourceDate "2017.10.13"]
[SourceVersion "1"]
[SourceVersionDate "2017.10.13"]
[SourceQuality "1"]

1. d4 d5 2. Nf3 Nf6 3. c4 c6 4. cxd5 cxd5 5. e3 Nc6 6. Nc3 e6 7. a3 Bd6 8. Bd3 0-0 9. 0-0 Bd7 10. e4 dxe4 11. Nxe4 Nxe4 12. Bxe4 Qc7 13. Bxh7+ Kxh7 14. Ng5+ Kg6 15. Qd3+ f5 16. f4 Rh8 17. Qg3 Kf6 18. Nf3 Rh5 19. b4 Rg8 20. d5 exd5 21. Bb2+ Ke7 22. Rae1+ Kd8 23. Ne5 Be8 24. Qd3 Ne7 25. Rc1 Qb8 26. Bd4 g5 27. Nf3 Bxf4 28. Rc2 g4 29. Ne1 Bxh2+ 30. Kf2 f4 31. Bf6 Bg3+ 32. Ke2 Bg6 33. Bxe7+ Kxe7 34. Qxd5 Rxd5 0-1

[Event "MVP-ch Seniors op 16th"]
[Site "Binz"]
[Date "2016.11.29"]
[Round "7.66"]
[White "Koehler, Marianne"]
[Black "Barlo, Werner"]
[Result "0-1"]
[WhiteElo "1652"]
[BlackElo "1776"]
[PlyCount "118"]
[EventDate "2016.11.23"]
[EventType "swiss"]
[EventRounds "9"]
[EventCountry "GER"]
[SourceTitle "EXT 2018"]
[Source "ChessBase"]
[SourceDate "2017.10.13"]
[SourceVersion "1"]
[SourceVersionDate "2017.10.13"]
[SourceQuality "1"]

1. e4 e6 2. Nf3 d5 3. exd5 exd5 4. d4 Bd6 5. c3 Ne7 6. Be3 Bg4 7. Nbd2 c6 8. h3 Bh5 9. Bd3 Nd7 10. g4 Bg6 11. Qc2 Bxd3 12. Qxd3 Ng6 13. 0-0 0-0 14. Rfe1 Re8 15. Qf1 Nf6 16. Bg5 Rxe1 17. Rxe1 h6 18. Bxf6 Qxf6 19. Kh1 Qf4 20. Qe2 Nh4 21. Qe3 Ng6 22. Qxf4 Nxf4 23. Ng1 Nd3 24. Re2 Nxb2 25. Ndf3 Nc4 26. h4 Kf8 27. Kg2 Re8 28. h5 f6 29. Rxe8+ Kxe8 30. Ne2 Bc7 31. Kf1 Ba5 32. Ke1 Nd6 33. Nd2 Nb5 34. Nb1 Kf7 35. f3 a6 36. Kd1 Nd6 37. Nd2 b5 38. Kc2 Bb6 39. Nf4 a5 40. Nd3 Ke7 41. Kb3 Nc4 42. Nf1 a4+ 43. Kc2 Kd7 44. Nb4 Kd6 45. Kd3 c5 46. Nc2 Nb2+ 47. Ke2 Ba5 48. Kd2 b4 49. dxc5+ Kxc5 50. cxb4+ Bxb4+ 51. Nxb4 Kxb4 52. Ne3 Nc4+ 53. Nxc4 dxc4 54. Kc2 Ka3 55. Kb1 Kb4 56. Kc2 c3 57. Kd3 a3 58. Kc2 Kc4 59. Kd1 Kd3 0-1

[Event "Hessen-ch Seniors op 12th"]
[Site "Bad Sooden-Allendorf"]
[Date "2016.05.02"]
[Round "3"]
[White "Ninic, Milutin"]
[Black "Barlo, Werner"]
[Result "0-1"]
[WhiteElo "1907"]
[BlackElo "1754"]
[PlyCount "71"]
[EventDate "2016.04.30"]
[EventType "swiss"]
[EventRounds "9"]
[EventCountry "GER"]
[SourceTitle "EXT 2019"]
[Source "ChessBase"]
[SourceDate "2018.10.10"]
[SourceVersion "1"]
[SourceVersionDate "2018.10.10"]
[SourceQuality "1"]

1. c4 e6 2. g3 d5 3. Bg2 c6 4. b3 Nf6 5. Bb2 g6 6. Nf3 Bg7 7. d4 0-0 8. 0-0 Nbd7 9. Re1 Ne4 10. Nbd2 Ndf6 11. Rc1 Qa5 12. a3 Bh6 13. b4 Qd8 14. e3 Re8 15. Ne5 Nxd2 16. Qxd2 Nd7 17. Ng4 Bg7 18. f3 Nf6 19. Nf2 a5 20. c5 Bd7 21. e4 dxe4 22. fxe4 axb4 23. axb4 h5 24. Ra1 Qc7 25. Nd3 Ng4 26. e5 Bh6 27. Qe2 Ne3 28. Be4 Rxa1 29. Rxa1 Nd5 30. Qf3 Rf8 31. b5 cxb5 32. Bxd5 exd5 33. Qxd5 Bc6 34. Qd6 Qc8 35. d5 Be3+ 36. Kg2 0-1

[Event "MVP-ch Seniors op 15th"]
[Site "Binz"]
[Date "2015.11.26"]
[Round "3.49"]
[White "Barlo, Werner"]
[Black "Willin, Bernhard"]
[Result "1/2-1/2"]
[WhiteElo "1569"]
[BlackElo "1792"]
[PlyCount "82"]
[EventDate "2015.11.24"]
[EventType "swiss"]
[EventRounds "9"]
[EventCountry "GER"]
[SourceTitle "EXT 2017"]
[Source "ChessBase"]
[SourceDate "2016.10.25"]
[SourceVersion "1"]
[SourceVersionDate "2016.10.25"]
[SourceQuality "1"]

1. d4 d5 2. c4 c6 3. Nc3 Nf6 4. Nf3 e6 5. a3 Nbd7 6. e3 Bd6 7. Bd3 0-0 8. 0-0 a6 9. c5 Bc7 10. Qc2 e5 11. dxe5 Nxe5 12. Nxe5 Bxe5 13. f4 Bc7 14. Bd2 Re8 15. Rae1 Qe7 16. b4 Ne4 17. Nxe4 dxe4 18. Bc4 Kf8 19. Bc3 Bf5 20. Qb2 f6 21. Rd1 Rad8 22. Rxd8 Rxd8 23. Bd4 Be6 24. Qb3 Kf7 25. g3 Bxc4 26. Qxc4+ Qe6 27. Qxe6+ Kxe6 28. Kf2 Rd5 29. h4 Kf5 30. Kg2 Kg4 31. Rh1 h5 32. Kf2 Bd8 33. Kg2 g5 34. hxg5 fxg5 35. Rf1 Rf5 36. Be5 h4 37. gxh4 gxf4 38. exf4 Bxh4 39. Rd1 Rf7 40. Rd4 Kf5 41. Rd6 Rh7 1/2-1/2

[Event "GER-chA Seniors 27th"]
[Site "Magdeburg"]
[Date "2015.08.21"]
[Round "7"]
[White "Barlo, Werner"]
[Black "Wawrinsky, Ludwig"]
[Result "1-0"]
[WhiteElo "1767"]
[BlackElo "1843"]
[PlyCount "79"]
[EventDate "2015.08.15"]
[EventType "swiss"]
[EventRounds "9"]
[EventCountry "GER"]
[SourceTitle "EXT 2018"]
[Source "ChessBase"]
[SourceDate "2017.10.13"]
[SourceVersion "1"]
[SourceVersionDate "2017.10.13"]
[SourceQuality "1"]

1. Nf3 Nf6 2. c4 b6 3. g3 Bb7 4. Bg2 c5 5. Nc3 e6 6. 0-0 Be7 7. d3 0-0 8. e4 d6 9. Bf4 e5 10. Bg5 Nc6 11. h3 h6 12. Bc1 a6 13. a3 Bc8 14. Kh2 Bd7 15. Be3 Rb8 16. Rb1 b5 17. cxb5 axb5 18. b4 cxb4 19. axb4 Qc8 20. Qd2 Kh7 21. Ng1 Ng8 22. f4 exf4 23. Bxf4 Ne5 24. Nd5 Bd8 25. Nf3 Nxf3+ 26. Rxf3 Nf6 27. Bxd6 Nxd5 28. exd5 Bg5 29. Qf2 Bf6 30. Bxf8 Qxf8 31. Qc5 Qd8 32. Qe3 g6 33. Rbf1 Bf5 34. Qa7 Kg7 35. g4 Ra8 36. Qb7 Rb8 37. Qc6 Rb6 38. Qc5 Bc8 39. Kh1 Qd7 40. Qxb6 1-0

[Event "Berlin Lieb Memorial 1st"]
[Site "Berlin"]
[Date "2015.06.25"]
[Round "6"]
[White "Haar, Reinhard"]
[Black "Barlo, Werner"]
[Result "1-0"]
[WhiteElo "1665"]
[BlackElo "1813"]
[PlyCount "137"]
[EventDate "2015.05.21"]
[EventType "swiss"]
[EventRounds "7"]
[EventCountry "GER"]
[SourceTitle "EXT 2022"]
[Source "ChessBase"]
[SourceDate "2021.10.06"]
[SourceVersion "1"]
[SourceVersionDate "2021.10.06"]
[SourceQuality "1"]

1. d4 Nf6 2. c4 e6 3. Nf3 b6 4. g3 Bb7 5. Bg2 Na6 6. Nc3 h6 7. 0-0 Be7 8. Re1 Ne4 9. Nxe4 Bxe4 10. a3 0-0 11. d5 exd5 12. cxd5 Bf6 13. Nd2 Bxg2 14. Kxg2 d6 15. Ne4 Be7 16. b4 f5 17. Nc3 Bf6 18. Bb2 Nb8 19. Qc2 a6 20. Qxf5 Bxc3 21. Qe6+ Kh7 22. Bxc3 Nd7 23. Qe4+ Kg8 24. Qd4 Qf6 25. Qxf6 Nxf6 26. e4 Rae8 27. Bxf6 Rxf6 28. Rac1 Rf7 29. f4 g5 30. f5 g4 31. h4 Re5 32. Kf2 Rfe7 33. Rc4 Kg7 34. Ke3 Rxf5 35. Re2 Rf3+ 36. Kd4 Rxg3 37. e5 dxe5+ 38. Rxe5 Rxe5 39. Kxe5 Re3+ 40. Kf5 Re7 41. Rxg4+ Kh7 42. Kf6 Rd7 43. Ke6 Rd6+ 44. Ke5 a5 45. Rc4 Rd7 46. bxa5 bxa5 47. Ra4 Re7+ 48. Kd4 Re1 49. Rc4 Rd1+ 50. Ke5 Kg7 51. Ke6 h5 52. Ra4 Re1+ 53. Kd7 Kf6 54. Kxc7 Rc1+ 55. Kd7 Rc5 56. d6 Rb5 57. Kd8 Ke6 58. Kc7 Rc5+ 59. Kb6 Kxd6 60. Rd4+ Rd5 61. Rxd5+ Kxd5 62. Kxa5 Ke4 63. Kb6 Kf4 64. a4 Kg4 65. a5 Kxh4 66. a6 Kg3 67. a7 h4 68. a8Q h3 69. Qh1 1-0

[Event "MVP-ch Seniors op 14th"]
[Site "Binz"]
[Date "2014.12.03"]
[Round "9"]
[White "Barlo, Werner"]
[Black "Scholz, Jutta"]
[Result "0-1"]
[WhiteElo "1675"]
[BlackElo "1439"]
[PlyCount "70"]
[EventDate "2014.11.25"]
[EventType "swiss"]
[EventRounds "9"]
[EventCountry "GER"]
[SourceTitle "EXT 2016"]
[Source "ChessBase"]
[SourceDate "2015.10.08"]
[SourceVersion "1"]
[SourceVersionDate "2015.10.08"]
[SourceQuality "1"]

1. d4 Nf6 2. c4 g6 3. Nc3 d6 4. e4 Bg7 5. f3 Nbd7 6. Be3 c6 7. Bd3 e5 8. Nge2 0-0 9. Qd2 Re8 10. 0-0 h5 11. Bc2 Qc7 12. Bb3 exd4 13. Bxd4 Ne5 14. Rac1 Be6 15. Nd1 Red8 16. Nf4 Qe7 17. Nxe6 fxe6 18. Nc3 Nf7 19. Rcd1 e5 20. Be3 a6 21. Qe2 Kh7 22. Rd3 Rd7 23. Rfd1 b5 24. cxb5 axb5 25. Bxf7 Qxf7 26. Rxd6 Rxd6 27. Rxd6 Rc8 28. Bc5 Bf8 29. Rxf6 Bxc5+ 30. Kf1 Qxf6 31. a3 Rd8 32. b4 Bd4 33. Nxb5 cxb5 34. Qxb5 Bb6 35. g4 Rd2 0-1

[Event "MVP-ch Seniors op 14th"]
[Site "Binz"]
[Date "2014.11.30"]
[Round "6"]
[White "Kurbangulov, Viktor"]
[Black "Barlo, Werner"]
[Result "1/2-1/2"]
[WhiteElo "1869"]
[BlackElo "1675"]
[PlyCount "56"]
[EventDate "2014.11.25"]
[EventType "swiss"]
[EventRounds "9"]
[EventCountry "GER"]
[SourceTitle "EXT 2016"]
[Source "ChessBase"]
[SourceDate "2015.10.08"]
[SourceVersion "1"]
[SourceVersionDate "2015.10.08"]
[SourceQuality "1"]

1. e4 e6 2. d4 d5 3. e5 c5 4. Qg4 cxd4 5. Nf3 Nc6 6. Bd3 h6 7. Nbd2 Qc7 8. Bb5 Nge7 9. 0-0 a6 10. Bxc6+ Nxc6 11. Qg3 g6 12. Nb3 Bd7 13. Nbxd4 Nxd4 14. Nxd4 Bg7 15. Re1 0-0 16. c3 Rac8 17. Kh1 Kh7 18. Qh3 Rh8 19. f4 Kg8 20. Qg4 h5 21. Qh4 Qd8 22. Qxd8+ Rxd8 23. Be3 Rc8 24. Bf2 Bh6 25. g3 Bf8 26. Kg2 Be7 27. h3 Kg7 28. g4 hxg4 1/2-1/2

[Event "MVP-ch Seniors op 14th"]
[Site "Binz"]
[Date "2014.11.26"]
[Round "2"]
[White "Barlo, Werner"]
[Black "Koehler, Marianne"]
[Result "1-0"]
[WhiteElo "1675"]
[BlackElo "1439"]
[PlyCount "55"]
[EventDate "2014.11.25"]
[EventType "swiss"]
[EventRounds "9"]
[EventCountry "GER"]
[SourceTitle "EXT 2016"]
[Source "ChessBase"]
[SourceDate "2015.10.08"]
[SourceVersion "1"]
[SourceVersionDate "2015.10.08"]
[SourceQuality "1"]

1. d4 Nf6 2. c4 g6 3. Nc3 Bg7 4. e4 d6 5. f3 c6 6. Be3 0-0 7. Qd2 e5 8. Nge2 exd4 9. Nxd4 Ne8 10. Be2 Qh4+ 11. g3 Qd8 12. 0-0-0 Nd7 13. Bh6 a6 14. Bxg7 Kxg7 15. h4 Ndf6 16. g4 h6 17. e5 Ng8 18. Ne4 Qc7 19. exd6 Qd8 20. Qc3 f6 21. g5 h5 22. Nc5 Kh7 23. Nde6 Bxe6 24. Nxe6 Qb6 25. Nxf8+ Kg7 26. Ne6+ Kh7 27. c5 Qa7 28. d7 1-0

[Event "MVP-ch Seniors op 14th"]
[Site "Binz"]
[Date "2014.11.25"]
[Round "1"]
[White "Knaak, Joachim"]
[Black "Barlo, Werner"]
[Result "1-0"]
[WhiteElo "2060"]
[BlackElo "1675"]
[PlyCount "97"]
[EventDate "2014.11.25"]
[EventType "swiss"]
[EventRounds "9"]
[EventCountry "GER"]
[SourceTitle "EXT 2016"]
[Source "ChessBase"]
[SourceDate "2015.10.08"]
[SourceVersion "1"]
[SourceVersionDate "2015.10.08"]
[SourceQuality "1"]

1. d4 Nf6 2. c4 g6 3. Nc3 Bg7 4. e4 d6 5. f3 0-0 6. Be3 Nc6 7. Nge2 e5 8. d5 Nb4 9. a3 Na6 10. Nc1 b6 11. b4 Bb7 12. Bd3 Nb8 13. 0-0 a5 14. Nb3 axb4 15. axb4 Rxa1 16. Qxa1 Na6 17. Qa3 Qc8 18. Ra1 Nb8 19. c5 c6 20. dxc6 Nxc6 21. b5 Nd4 22. c6 Bxc6 23. bxc6 Qxc6 24. Nxd4 exd4 25. Bxd4 Rc8 26. Ne2 Nd7 27. Bxg7 Kxg7 28. Rc1 Nc5 29. Qb2+ Kg8 30. Bb5 Qc7 31. Nf4 h5 32. Nd5 Qd8 33. Qf6 Qxf6 34. Nxf6+ Kg7 35. Nd5 Ra8 36. Rb1 Rb8 37. h3 h4 38. Bc6 Nd3 39. Bb5 Nc5 40. Bf1 Nd7 41. Ra1 b5 42. Rb1 Ne5 43. Rxb5 Rc8 44. Rb1 g5 45. Rd1 f6 46. Ne3 Rc3 47. Nf5+ Kg6 48. Nxd6 Rc2 49. Nf5 1-0